Aristotle On interpretation : (Record no. 39903)
[ view plain ]
| 000 -LEADER | |
|---|---|
| fixed length control field | 00713nam a2200169Ia 4500 |
| 008 - FIXED-LENGTH DATA ELEMENTS--GENERAL INFORMATION | |
| fixed length control field | 220820s9999 xx 000 0 und d |
| 041 ## - LANGUAGE CODE | |
| Language code of text/sound track or separate title | eng |
| 050 ## - LIBRARY OF CONGRESS CALL NUMBER | |
| Classification number | B765.T53 |
| Item number | .I53 1962 |
| 100 ## - MAIN ENTRY--PERSONAL NAME | |
| Personal name | Thomas, Aquinas, Saint |
| 245 #0 - TITLE STATEMENT | |
| Title | Aristotle On interpretation : |
| Remainder of title | commentary by St. Thomas and Cajetan (Peri hermeneias) / |
| Statement of responsibility, etc. | Thomas, Aquinas, Saint; translated by Jean T. Oesterle/ |
| 260 ## - PUBLICATION, DISTRIBUTION, ETC. | |
| Place of publication, distribution, etc. | Milwaukee: |
| Name of publisher, distributor, etc. | Marquette University Press, |
| Date of publication, distribution, etc. | 1962 |
| 300 ## - PHYSICAL DESCRIPTION | |
| Extent | xiii, 271 p. |
| Other physical details | ; |
| Dimensions | 23 cm. |
| 490 ## - SERIES STATEMENT | |
| Series statement | Mediaeval philosophical texts in translation, |
| Volume/sequential designation | 11 |
| 650 ## - SUBJECT ADDED ENTRY--TOPICAL TERM | |
| Topical term or geographic name entry element | Aristotle. -- De interpretatione -- Commentaries -- Early works to 1800.De interpretatione (Aristotle) |
| 700 ## - ADDED ENTRY--PERSONAL NAME | |
| Personal name | Oesterle, Jean T. |
| Withdrawn status | Lost status | Damaged status | Not for loan | Home library | Current library | Shelving location | Date acquired | Cost, normal purchase price | Total Checkouts | Full call number | Barcode | Date last seen | Price effective from | Koha item type |
|---|---|---|---|---|---|---|---|---|---|---|---|---|---|---|
| GETS Theological Seminary Library | GETS Theological Seminary Library | 08/20/2022 | 24.50 | B765.T53 .I53 1962 | 00028009 | 08/20/2022 | 08/20/2022 | English Books |